Twenty One Pilots - Tally (Lyrics) - Statistics

General Stats
  • This quiz has been taken 75 times
  • The average score is 264 of 312
Answer Stats
Answer % Correct
a
100%
I
100%
and
97%
it
97%
lost
97%
Lost
97%
my
97%
on
97%
the
97%
You
97%
you
97%
all
94%
all?
94%
discount
94%
in
94%
me,
94%
me
94%
tally,
94%
time
94%
at
92%
back
92%
believe
92%
down
92%
down,
92%
every
92%
see
92%
title
92%
to
92%
turned
92%
want
92%
When
92%
when
92%
know
89%
know,
89%
let
89%
mind
89%
Sold
89%
somehow
89%
Somehow,
89%
your
89%
both
86%
break
86%
go
86%
heart
86%
line?
86%
line
86%
love
86%
now,
86%
rank
86%
Still
86%
we
86%
We
86%
count
83%
story
83%
cut
81%
goes
81%
how
81%
is
81%
replay
81%
should
81%
I'll
78%
there
78%
times
78%
just
75%
Just
75%
Or
75%
several
75%
point
72%
set
72%
set,
72%
things
72%
this
72%
track
72%
wanted
72%
free
69%
progress
69%
soul
69%
figured
67%
of
67%
seen
67%
hard
64%
It's
64%
trust,
64%
We've
64%
keeping
61%
Like
61%
mine
61%
try
61%
way,
61%
kinda
58%
two
58%
were
58%
Even
56%
Yeah-
56%
yeah,
56%
yeah-
56%
yeah
56%
fight
53%
breached
50%
die
50%
strike
50%
though
47%
our
42%
cue
39%
Lightning
39%
Ooh
39%
Ooh,
39%
proof
39%
right
36%
Right
36%
liken
33%
storm
28%
hits,
25%
strikes
22%
circumstantial
19%
sights
17%
No matching quizzes found
Score Distribution
Percent of People with Each Score
Percentile by Number Answered
Your Score History
You have not taken this quiz